[Event "World ol U16"]
[Site "Eindhoven"]
[Date "2023.08.18"]
[Round "9.23"]
[White "Lai, Hong Yi"]
[Black "Soojay, Jorah"]
[Result "1/2-1/2"]
[WhiteElo "1452"]
[BlackElo "1709"]
[PlyCount "74"]
[EventDate "2023.08.13"]
[EventType "team-swiss"]
[EventRounds "9"]
[EventCountry "NED"]
[SourceTitle "CBM 215 Extra"]
[Source "ChessBase"]
[SourceDate "2023.09.30"]
[SourceVersion "1"]
[SourceVersionDate "2023.09.30"]
[SourceQuality "1"]
[WhiteTeam "Chinese Taipei"]
[BlackTeam "South Africa"]
[WhiteTeamCountry "TPE"]
[BlackTeamCountry "RSA"]

1. d4 Nf6 2. c4 e6 3. Nf3 b6 4. g3 Bb7 5. Bg2 Be7 6. 0-0 d5 7. cxd5 Bxd5 8. Nc3 Bb7 9. Bg5 Ne4 10. Bxe7 Qxe7 11. Qc2 Nxc3 12. Qxc3 0-0 13. Rac1 Na6 14. a3 c5 15. dxc5 Nxc5 16. b4 Na6 17. Qb2 Rac8 18. e3 Nc7 19. Nd4 Bxg2 20. Kxg2 Nd5 21. Kg1 Qf6 22. Rxc8 Rxc8 23. Rc1 Qd8 24. Nc6 Qd7 25. b5 h6 26. Qd2 Rc7 27. h4 Ne7 28. Qc2 Nxc6 29. bxc6 Qd6 30. Qc3 Kf8 31. Kh2 f6 32. a4 Kf7 33. Qc2 Qd5 34. Kg1 b5 35. e4 Qc4 36. Qxc4 bxc4 37. Rxc4 Ke7 1/2-1/2

[Event "World ol U16"]
[Site "Eindhoven"]
[Date "2023.08.16"]
[Round "6.26"]
[White "Helmy, Muhammad Adnin Nuay"]
[Black "Soojay, Jorah"]
[Result "0-1"]
[WhiteElo "1356"]
[BlackElo "1709"]
[PlyCount "144"]
[EventDate "2023.08.13"]
[EventType "team-swiss"]
[EventRounds "9"]
[EventCountry "NED"]
[SourceTitle "CBM 215 Extra"]
[Source "ChessBase"]
[SourceDate "2023.09.30"]
[SourceVersion "1"]
[SourceVersionDate "2023.09.30"]
[SourceQuality "1"]
[WhiteTeam "Malaysia"]
[BlackTeam "South Africa"]
[WhiteTeamCountry "MAS"]
[BlackTeamCountry "RSA"]

1. Nf3 d5 2. c4 e6 3. g3 Nf6 4. Bg2 c6 5. 0-0 Bd6 6. Qc2 0-0 7. d4 Nbd7 8. Nc3 Re8 9. Rd1 Qe7 10. e4 dxe4 11. Nxe4 Nxe4 12. Qxe4 Nf6 13. Qe2 Bd7 14. Ne5 Rad8 15. Be3 Bc8 16. Rac1 c5 17. Nf3 b6 18. Ne5 Bb7 19. Nc6 Bxc6 20. Bxc6 Rf8 21. Qf3 cxd4 22. Bxd4 e5 23. Bc3 Qc7 24. a3 Bc5 25. b4 Bd4 26. Bxd4 Rxd4 27. Rxd4 exd4 28. Rd1 Qe5 29. Qd3 Rd8 30. Kg2 Ng4 31. h3 Qf6 32. hxg4 Qxc6+ 33. Kg1 Qe6 34. f3 g6 35. Kf2 Kg7 36. Re1 Qf6 37. Re4 Rd7 38. Rf4 Qd6 39. Re4 f6 40. Re2 Kf7 41. Re4 a5 42. bxa5 bxa5 43. a4 Qb6 44. f4 Qb2+ 45. Re2 Qb4 46. Re4 Qb6 47. Kf3 Qc6 48. Kf2 Qc5 49. Kf3 Kg7 50. Kf2 Qb6 51. Kf3 Kf7 52. Kf2 Qd8 53. Kf3 Qb6 54. Kf2 Qb2+ 55. Re2 Qb4 56. Re4 Qxa4 57. Rxd4 Qa2+ 58. Kf3 Re7 59. Re4 Rxe4 60. Kxe4 Qa4 61. Qd5+ Kg7 62. Qd4 Qe8+ 63. Kd3 Qf7 64. Kc3 Qb7 65. Qd6 Kf7 66. Kd4 Qb2+ 67. Kd3 Qb3+ 68. Kd4 Qd1+ 69. Kc5 Qxd6+ 70. Kxd6 a4 71. c5 Ke8 72. c6 Kd8 0-1

[Event "World ol U16"]
[Site "Eindhoven"]
[Date "2023.08.14"]
[Round "2.26"]
[White "Kaloki, Hawi"]
[Black "Soojay, Jorah"]
[Result "1-0"]
[WhiteElo "1523"]
[BlackElo "1709"]
[PlyCount "89"]
[EventDate "2023.08.13"]
[EventType "team-swiss"]
[EventRounds "9"]
[EventCountry "NED"]
[SourceTitle "CBM 215 Extra"]
[Source "ChessBase"]
[SourceDate "2023.09.30"]
[SourceVersion "1"]
[SourceVersionDate "2023.09.30"]
[SourceQuality "1"]
[WhiteTeam "Kenya"]
[BlackTeam "South Africa"]
[WhiteTeamCountry "KEN"]
[BlackTeamCountry "RSA"]

1. e4 d5 2. exd5 Nf6 3. d4 Bg4 4. Be2 Bxe2 5. Qxe2 Qxd5 6. Nf3 Nc6 7. Nc3 Qd7 8. Be3 0-0-0 9. 0-0-0 e6 10. Ne5 Qe8 11. Qb5 a6 12. Qa4 Nxe5 13. Qxe8 Rxe8 14. dxe5 Nd7 15. f4 Bc5 16. Bxc5 Nxc5 17. Rd2 h6 18. Rhd1 Re7 19. b4 Nd7 20. Ne4 Nb6 21. Nc5 Nd5 22. Rd4 Nc3 23. R1d2 Rg8 24. h4 Rge8 25. a3 b6 26. Ne4 Nxe4 27. Rxe4 Rd8 28. h5 Red7 29. Ree2 Kb7 30. Rxd7 Rxd7 31. Rd2 Rxd2 32. Kxd2 Kc6 33. Kd3 Kb5 34. g4 f6 35. exf6 gxf6 36. g5 fxg5 37. fxg5 hxg5 38. h6 Ka4 39. h7 Kxa3 40. h8Q Kxb4 41. Qd4+ Kb5 42. Qc4+ Ka5 43. Kc3 c5 44. Kb3 b5 45. Qxc5 1-0

[Event "Wch U16 blitz"]
[Site "Batumi"]
[Date "2023.06.11"]
[Round "9"]
[White "Nahapetyan, Davit"]
[Black "Soojay, Jorah"]
[Result "0-1"]
[WhiteElo "1711"]
[BlackElo "1626"]
[PlyCount "98"]
[EventDate "2023.06.10"]
[EventType "swiss (blitz)"]
[EventRounds "11"]
[EventCountry "GEO"]
[SourceTitle "EXT 2024"]
[Source "ChessBase"]
[SourceDate "2023.10.10"]
[SourceVersion "1"]
[SourceVersionDate "2023.10.10"]
[SourceQuality "1"]
[WhiteTeam "Armenia"]
[BlackTeam "South Africa"]
[WhiteTeamCountry "ARM"]
[BlackTeamCountry "RSA"]

1. e4 d5 2. exd5 Nf6 3. Nf3 Qxd5 4. Nc3 Qh5 5. Be2 Bg4 6. h3 Nc6 7. 0-0 Bxf3 8. Bxf3 Qc5 9. d3 0-0-0 10. Be3 Qa5 11. a3 Ne5 12. Be2 Nd5 13. Nxd5 Qxd5 14. b4 e6 15. f4 Nc6 16. Bf3 Qd7 17. Qd2 Kb8 18. Rfb1 g6 19. a4 Nd4 20. Bd1 Bg7 21. Ra3 e5 22. c3 Nf5 23. fxe5 Bxe5 24. d4 Bg3 25. a5 Rhe8 26. c4 Nxe3 27. Rxe3 Bf4 28. Rbb3 Bxe3+ 29. Rxe3 Rxe3 30. Qxe3 Qxd4 31. Qxd4 Rxd4 32. Be2 Rd2 33. Kf2 c5 34. bxc5 Kc7 35. Ke3 Ra2 36. Bf3 Rxa5 37. Kd4 Ra3 38. Bd5 f6 39. Bg8 h6 40. Bh7 Rg3 41. Kd5 Rxg2 42. Ke6 f5 43. Ke5 Kc6 44. Kd4 Rg3 45. h4 Rg4+ 46. Kc3 Kxc5 47. Bg8 Rxh4 48. Kb3 Rh3+ 49. Ka4 a6 0-1

[Event "Wch U16 blitz"]
[Site "Batumi"]
[Date "2023.06.11"]
[Round "10"]
[White "Soojay, Jorah"]
[Black "Gogia, Alexandre"]
[Result "1-0"]
[WhiteElo "1626"]
[BlackElo "1600"]
[PlyCount "116"]
[EventDate "2023.06.10"]
[EventType "swiss (blitz)"]
[EventRounds "11"]
[EventCountry "GEO"]
[SourceTitle "EXT 2024"]
[Source "ChessBase"]
[SourceDate "2023.10.10"]
[SourceVersion "1"]
[SourceVersionDate "2023.10.10"]
[SourceQuality "1"]
[WhiteTeam "South Africa"]
[BlackTeam "Georgia"]
[WhiteTeamCountry "RSA"]
[BlackTeamCountry "GEO"]

1. e4 e5 2. Nf3 Nf6 3. Nc3 Nc6 4. d4 exd4 5. Nxd4 Bb4 6. Nxc6 bxc6 7. Bd3 d5 8. exd5 cxd5 9. 0-0 0-0 10. Bg5 Bxc3 11. bxc3 h6 12. Bh4 Re8 13. Qd2 c6 14. Rfe1 Be6 15. Rab1 Ne4 16. Rxe4 dxe4 17. Bxd8 Raxd8 18. a3 exd3 19. cxd3 Bf5 20. Re1 Rxe1+ 21. Qxe1 Rxd3 22. h3 Be6 23. Qe5 a5 24. Qxa5 g6 25. Qa8+ Kg7 26. Qxc6 Rd1+ 27. Kh2 Rd2 28. Qc5 Rd5 29. Qb6 Bd7 30. c4 Rd2 31. c5 Rc2 32. Qd6 Be6 33. c6 Kh7 34. c7 Rxf2 35. Qxe6 fxe6 36. c8Q Rf6 37. Qd8 Kg7 38. Qe7+ Rf7 39. Qxe6 Rf6 40. Qe7+ Rf7 41. Qe5+ Kf8 42. a4 Re7 43. Qh8+ Kf7 44. Qxh6 Re6 45. Qf4+ Rf6 46. Qc4+ Ke7 47. a5 Rd6 48. a6 Rd7 49. Qc5+ Kf7 50. a7 Rd8 51. Qc7+ Ke8 52. Qxd8+ Kxd8 53. a8Q+ Ke7 54. Qc6 Kf7 55. g4 Kg7 56. h4 Kh6 57. Qf6 Kh7 58. Kg3 Kg8 1-0

[Event "Wch U16 blitz"]
[Site "Batumi"]
[Date "2023.06.10"]
[Round "2"]
[White "Soojay, Jorah"]
[Black "Paikens, Reinis"]
[Result "0-1"]
[WhiteElo "1626"]
[BlackElo "1886"]
[PlyCount "128"]
[EventDate "2023.06.10"]
[EventType "swiss (blitz)"]
[EventRounds "11"]
[EventCountry "GEO"]
[SourceTitle "EXT 2024"]
[Source "ChessBase"]
[SourceDate "2023.10.10"]
[SourceVersion "1"]
[SourceVersionDate "2023.10.10"]
[SourceQuality "1"]
[WhiteTeam "South Africa"]
[BlackTeam "Latvia"]
[WhiteTeamCountry "RSA"]
[BlackTeamCountry "LAT"]

1. e4 c5 2. Nf3 Nc6 3. d4 cxd4 4. Nxd4 g6 5. Nc3 Bg7 6. Be3 Nf6 7. f3 0-0 8. Qd2 d5 9. exd5 Nxd5 10. Nxd5 Qxd5 11. Nxc6 Qxc6 12. c3 Bf5 13. Rd1 Qc7 14. Be2 Rad8 15. Qc1 Rxd1+ 16. Bxd1 Bd3 17. Bc2 Bc4 18. a3 Be5 19. f4 Bf6 20. Kf2 e5 21. Rd1 exf4 22. Bxf4 Qb6+ 23. Be3 Qe6 24. Bd4 Re8 25. Re1 Bxd4+ 26. cxd4 Qf6+ 27. Kg3 Rxe1 28. Qxe1 Qg5+ 29. Kf2 Qf4+ 30. Kg1 Qxd4+ 31. Qf2 Qxb2 32. Qd2 Qa1+ 33. Kf2 Qf1+ 34. Kg3 Qf6 35. h3 Qe5+ 36. Kf2 Be6 37. a4 a6 38. Kg1 Kg7 39. Qd3 b5 40. axb5 axb5 41. Bb1 Bf5 42. Qb3 Qa1 43. Kh2 Bxb1 44. Qxb5 Bf5 45. Qd5 Qf6 46. Qc5 Be6 47. Qd6 h5 48. Qg3 h4 49. Qc7 Bd5 50. Qc2 Qe5+ 51. Kh1 Qg3 52. Kg1 Qxg2+ 53. Qxg2 Bxg2 54. Kxg2 g5 55. Kf3 f5 56. Ke3 Kf6 57. Kd4 g4 58. Ke3 Kg5 59. Kf2 gxh3 60. Kf3 f4 61. Kf2 Kg4 62. Kg1 Kg3 63. Kh1 f3 64. Kg1 f2+ 0-1

[Event "Wch U16 rapid"]
[Site "Batumi"]
[Date "2023.06.07"]
[Round "6"]
[White "Soojay, Jorah"]
[Black "Antonyan, Hamlet"]
[Result "1-0"]
[WhiteElo "1544"]
[BlackElo "1541"]
[PlyCount "73"]
[EventDate "2023.06.06"]
[EventType "swiss (rapid)"]
[EventRounds "11"]
[EventCountry "GEO"]
[SourceTitle "EXT 2024"]
[Source "ChessBase"]
[SourceDate "2023.10.10"]
[SourceVersion "1"]
[SourceVersionDate "2023.10.10"]
[SourceQuality "1"]
[WhiteTeam "South Africa"]
[BlackTeam "Armenia"]
[WhiteTeamCountry "RSA"]
[BlackTeamCountry "ARM"]

1. b3 Nf6 2. Bb2 g6 3. Nf3 Bg7 4. c4 0-0 5. d4 c6 6. Nbd2 d5 7. e3 Nbd7 8. Bd3 Re8 9. 0-0 h5 10. Re1 Nh7 11. Rb1 e5 12. cxd5 cxd5 13. dxe5 Nxe5 14. Nxe5 Bxe5 15. Bxe5 Rxe5 16. Nf3 Bg4 17. Be2 Bxf3 18. Bxf3 Qd7 19. Qd4 Rae8 20. Red1 Nf6 21. Qxa7 Ne4 22. Bxe4 Rxe4 23. Qc5 R8e5 24. Rd4 Qf5 25. Rbd1 Rxd4 26. Qxd4 Qc2 27. h3 Rf5 28. Rd2 Qb1+ 29. Kh2 Qe1 30. Qb2 h4 31. Rc2 Kh7 32. Qd4 g5 33. Rc8 f6 34. Qb6 Rxf2 35. Qxb7+ Kg6 36. Rg8+ Kh6 37. Rh8+ 1-0

[Event "Wch U16 rapid"]
[Site "Batumi"]
[Date "2023.06.06"]
[Round "3"]
[White "Soojay, Jorah"]
[Black "Strybuk, Artsiom I"]
[Result "0-1"]
[WhiteElo "1544"]
[BlackElo "2296"]
[PlyCount "90"]
[EventDate "2023.06.06"]
[EventType "swiss (rapid)"]
[EventRounds "11"]
[EventCountry "GEO"]
[SourceTitle "EXT 2024"]
[Source "ChessBase"]
[SourceDate "2023.10.10"]
[SourceVersion "1"]
[SourceVersionDate "2023.10.10"]
[SourceQuality "1"]
[WhiteTeam "South Africa"]
[BlackTeam "FIDE"]
[WhiteTeamCountry "RSA"]

1. e4 c5 2. Nf3 d6 3. d4 cxd4 4. Nxd4 Nc6 5. Nc3 Nf6 6. Be3 Ng4 7. Qd2 Nxe3 8. Qxe3 g6 9. Bc4 Bg7 10. Nxc6 bxc6 11. 0-0 0-0 12. Rad1 Qb6 13. Qc1 Qb4 14. Bb3 Bxc3 15. bxc3 Qxc3 16. Rd3 Qg7 17. f4 a5 18. Bc4 Rb8 19. a3 d5 20. exd5 cxd5 21. Bxd5 Ba6 22. c4 e6 23. Bf3 Rfc8 24. Rfd1 Bxc4 25. Rc3 Ba6 26. Rxc8+ Rxc8 27. Qxc8+ Bxc8 28. Rd8+ Qf8 29. Rxf8+ Kxf8 30. Kf2 Ke7 31. Ke3 Kd6 32. Kd4 f6 33. g3 Ba6 34. Bg2 e5+ 35. Kc3 Kc5 36. Bf3 Bc4 37. Bg2 Bd5 38. Bf1 e4 39. Be2 h6 40. h4 e3 41. g4 g5 42. hxg5 hxg5 43. fxg5 fxg5 44. Bf3 Bxf3 45. Kd3 e2 0-1

[Event "World ol U16"]
[Site "Nakhchivan"]
[Date "2022.10.07"]
[Round "6.17"]
[White "Abdel Raouf, Zyad"]
[Black "Soojay, Jorah"]
[Result "1/2-1/2"]
[WhiteElo "1609"]
[BlackElo "1573"]
[PlyCount "60"]
[EventDate "2022.10.02"]
[EventType "team-swiss"]
[EventRounds "9"]
[EventCountry "AZE"]
[SourceTitle "CBM 210 Extra"]
[Source "ChessBase"]
[SourceDate "2022.11.30"]
[SourceVersion "1"]
[SourceVersionDate "2022.11.30"]
[SourceQuality "1"]
[WhiteTeam "Egypt"]
[BlackTeam "South Africa III"]
[WhiteTeamCountry "EGY"]
[BlackTeamCountry "RSA"]

1. e4 e6 2. d4 d5 3. exd5 exd5 4. Nf3 Bd6 5. Bd3 Nf6 6. Qe2+ Be7 7. Bf4 0-0 8. 0-0 Re8 9. Qd2 Nc6 10. Bb5 Ne4 11. Qc1 Bd6 12. Bxc6 bxc6 13. Ne5 g5 14. f3 gxf4 15. fxe4 Bxe5 16. dxe5 dxe4 17. Qxf4 Qd4+ 18. Kh1 Qxe5 19. Qxf7+ Kh8 20. Qf6+ Qxf6 21. Rxf6 Ba6 22. Nc3 e3 23. Re1 Rf8 24. Rxf8+ Rxf8 25. Kg1 Rf2 26. g3 Rf3 27. Kg2 Rf2+ 28. Kg1 Rf3 29. Kg2 Rf2+ 30. Kg1 Rf3 1/2-1/2

[Event "World ol U16"]
[Site "Nakhchivan"]
[Date "2022.10.05"]
[Round "4.13"]
[White "Springis, Jevgenijs"]
[Black "Soojay, Jorah"]
[Result "1/2-1/2"]
[WhiteElo "2057"]
[BlackElo "1573"]
[PlyCount "87"]
[EventDate "2022.10.02"]
[EventType "team-swiss"]
[EventRounds "9"]
[EventCountry "AZE"]
[SourceTitle "CBM 210 Extra"]
[Source "ChessBase"]
[SourceDate "2022.11.30"]
[SourceVersion "1"]
[SourceVersionDate "2022.11.30"]
[SourceQuality "1"]
[WhiteTeam "Latvia"]
[BlackTeam "South Africa III"]
[WhiteTeamCountry "LAT"]
[BlackTeamCountry "RSA"]

1. c4 e5 2. Nc3 Nf6 3. Nf3 Nc6 4. e3 d5 5. cxd5 Nxd5 6. Bb5 Bg4 7. Qa4 Nxc3 8. Bxc6+ bxc6 9. Qxc6+ Bd7 10. Qxc3 f6 11. Qc4 Bd6 12. 0-0 Rb8 13. a4 Qe7 14. e4 Rb4 15. Qc2 0-0 16. d3 Rfb8 17. Nd2 Be6 18. Nc4 Bxc4 19. dxc4 Qf7 20. b3 Rxb3 21. c5 Bf8 22. Be3 R8b4 23. Rfd1 Qc4 24. Qxc4+ Rxc4 25. Rd7 Bxc5 26. Rxc7 Rxe3 27. Rxc5 Rxa4 28. Rb1 Rb4 29. Rbc1 Rexe4 30. Rc8+ Kf7 31. R8c7+ Kg6 32. Rxa7 Rec4 33. Rd1 Rd4 34. Rc1 Rb8 35. g3 h5 36. Rcc7 Rg8 37. h4 Rd6 38. Re7 Kh6 39. Kg2 g5 40. Rh7+ Kg6 41. g4 gxh4 42. Rxh5 Rg7 43. Rxg7+ Kxg7 44. Rxh4 1/2-1/2

[Event "World ol U16"]
[Site "Nakhchivan"]
[Date "2022.10.04"]
[Round "3.15"]
[White "Soojay, Jorah"]
[Black "Ismayilova, Khanim"]
[Result "1-0"]
[WhiteElo "1573"]
[BlackElo "1901"]
[PlyCount "107"]
[EventDate "2022.10.02"]
[EventType "team-swiss"]
[EventRounds "9"]
[EventCountry "AZE"]
[SourceTitle "CBM 210 Extra"]
[Source "ChessBase"]
[SourceDate "2022.11.30"]
[SourceVersion "1"]
[SourceVersionDate "2022.11.30"]
[SourceQuality "1"]
[WhiteTeam "South Africa III"]
[BlackTeam "Azerbaijan III"]
[WhiteTeamCountry "RSA"]
[BlackTeamCountry "AZE"]

1. e4 c5 2. Nf3 Nc6 3. d4 cxd4 4. Nxd4 Nf6 5. Nc3 e5 6. Ndb5 d6 7. Bg5 a6 8. Na3 b5 9. Bxf6 gxf6 10. Nd5 f5 11. c3 Be6 12. exf5 Bxf5 13. Qf3 Bd7 14. Nf6+ Ke7 15. Bd3 Bg7 16. Nxd7 Qxd7 17. Be4 Rac8 18. Nc2 Rc7 19. Bxc6 Rxc6 20. Nb4 Rc4 21. Nd5+ Ke6 22. Nb6 Qc6 23. Nxc4 Qxf3 24. gxf3 bxc4 25. Kd2 d5 26. b3 Rc8 27. Rab1 Kf5 28. bxc4 Rxc4 29. Rb4 Rc7 30. Rg1 Bh6+ 31. Kd3 Bf8 32. Ra4 Rc6 33. Rg8 Bc5 34. Rg7 f6 35. Rxh7 Bxf2 36. Rh8 e4+ 37. fxe4+ dxe4+ 38. Ke2 e3 39. Ra5+ Kg4 40. Rg8+ Kf4 41. Rd8 f5 42. Rdd5 Rxc3 43. Rxf5+ Ke4 44. Rfc5 Rxc5 45. Rxc5 Kf4 46. Ra5 Kg4 47. Rxa6 Kh3 48. Rh6+ Kg4 49. a4 Kf5 50. a5 Kg5 51. Rh8 Kg6 52. a6 Kg7 53. Rh3 Kg6 54. a7 1-0

[Event "World ol U16"]
[Site "Nakhchivan"]
[Date "2022.10.03"]
[Round "2.14"]
[White "Southcott Moyers, Indy"]
[Black "Soojay, Jorah"]
[Result "1/2-1/2"]
[WhiteElo "1952"]
[BlackElo "1573"]
[PlyCount "79"]
[EventDate "2022.10.02"]
[EventType "team-swiss"]
[EventRounds "9"]
[EventCountry "AZE"]
[SourceTitle "CBM 210 Extra"]
[Source "ChessBase"]
[SourceDate "2022.11.30"]
[SourceVersion "1"]
[SourceVersionDate "2022.11.30"]
[SourceQuality "1"]
[WhiteTeam "England"]
[BlackTeam "South Africa III"]
[WhiteTeamCountry "ENG"]
[BlackTeamCountry "RSA"]

1. d4 Nf6 2. c4 e6 3. Nf3 Bb4+ 4. Bd2 Bxd2+ 5. Qxd2 b6 6. e3 Bb7 7. Nc3 0-0 8. Be2 Qe7 9. 0-0 c5 10. Rfd1 d5 11. cxd5 Nxd5 12. Nxd5 Bxd5 13. dxc5 Qxc5 14. Rac1 Qe7 15. b3 Nc6 16. Qb2 Na5 17. Nd4 Rac8 18. Rxc8 Rxc8 19. Rc1 Qd8 20. Rc3 Nb7 21. Qc1 Rxc3 22. Qxc3 Nd6 23. f3 Bb7 24. e4 e5 25. Nb5 Nxb5 26. Bxb5 Qd6 27. Kf2 Kf8 28. b4 a6 29. Ba4 b5 30. Bb3 Bc6 31. a3 Ke7 32. g3 Bd7 33. h4 Be6 34. Bxe6 Kxe6 35. Ke3 Kd7 36. Qd3 Qxd3+ 37. Kxd3 f6 38. Ke3 Ke6 39. Kf2 g5 40. h5 1/2-1/2

[Event "Fide Inter Con Cup U18"]
[Site "Tornelo INT"]
[Date "2020.10.10"]
[Round "1"]
[White "Azjargal, Erdenebat"]
[Black "Soojay, Jorah"]
[Result "1-0"]
[WhiteElo "1684"]
[BlackElo "1478"]
[PlyCount "75"]
[EventDate "2020.10.10"]
[EventType "swiss (rapid)"]
[EventRounds "6"]
[EventCountry "NET"]
[SourceTitle "EXT 2022"]
[Source "ChessBase"]
[SourceDate "2021.10.06"]
[SourceVersion "1"]
[SourceVersionDate "2021.10.06"]
[SourceQuality "1"]

1. d4 d5 2. c4 Nf6 3. cxd5 Nxd5 4. e4 Nf6 5. Nc3 e6 6. e5 Nd5 7. Bd3 Bb4 8. Bd2 Bxc3 9. bxc3 Bd7 10. Nf3 Nc6 11. 0-0 Nce7 12. c4 Nb6 13. Rc1 Ng6 14. Ng5 h6 15. Nxf7 Kxf7 16. Qf3+ Kg8 17. Bxg6 Qf8 18. Qxb7 Qb8 19. Qf3 Qf8 20. Qxf8+ Kxf8 21. Be3 Ke7 22. d5 exd5 23. Bxb6 cxb6 24. cxd5 Rac8 25. f4 Rxc1 26. Rxc1 Rc8 27. Rxc8 Bxc8 28. Kf2 b5 29. Ke3 a5 30. Kd4 Ba6 31. d6+ Kd8 32. e6 b4 33. e7+ Kd7 34. e8Q+ Kxd6 35. Qd8+ Kc6 36. Be4+ Kb5 37. Qd5+ Kb6 38. Qc5# 1-0

[Event "Fide Inter Con Cup U18"]
[Site "Tornelo INT"]
[Date "2020.10.10"]
[Round "4"]
[White "Soojay, Jorah"]
[Black "Azjargal, Erdenebat"]
[Result "0-1"]
[WhiteElo "1478"]
[BlackElo "1684"]
[PlyCount "98"]
[EventDate "2020.10.10"]
[EventType "swiss (rapid)"]
[EventRounds "6"]
[EventCountry "NET"]
[SourceTitle "EXT 2022"]
[Source "ChessBase"]
[SourceDate "2021.10.06"]
[SourceVersion "1"]
[SourceVersionDate "2021.10.06"]
[SourceQuality "1"]

1. e4 c5 2. f4 e6 3. g3 d5 4. e5 d4 5. Bg2 Nc6 6. d3 Nge7 7. Nf3 Nd5 8. 0-0 Be7 9. Na3 a6 10. Bd2 b5 11. c3 dxc3 12. bxc3 0-0 13. Nc2 Bb7 14. Qe1 Rc8 15. d4 Na5 16. Ne3 Nxe3 17. Qxe3 Nc4 18. Qe2 Bxf3 19. Bxf3 cxd4 20. cxd4 Qxd4+ 21. Rf2 Bc5 22. Kf1 Qxf2+ 23. Qxf2 Bxf2 24. Kxf2 Nxd2 25. Be2 Rc3 26. Rd1 Rd8 27. Kg2 g5 28. fxg5 Rc2 29. Kh1 Rxa2 30. h4 Rb2 31. h5 Rb1 32. Rxb1 Nxb1 33. h6 Nc3 34. Bh5 b4 35. Kg2 b3 36. g6 hxg6 37. h7+ Kxh7 38. Bf3 b2 39. Bg4 b1Q 40. Bf3 Rd2+ 41. Kh3 Qf5+ 42. Bg4 Qf1+ 43. Kh4 Rh2+ 44. Bh3 Qxh3+ 45. Kg5 Ne4+ 46. Kf4 Qf5+ 47. Ke3 Rd2 48. g4 Qf2+ 49. Kxe4 Rd4# 0-1

[Event "Fide Inter Con Cup U18"]
[Site "Tornelo INT"]
[Date "2020.10.10"]
[Round "5"]
[White "Soojay, Jorah"]
[Black "Vera Villalba, Marcelo Amin"]
[Result "1-0"]
[WhiteElo "1478"]
[BlackElo "1099"]
[PlyCount "87"]
[EventDate "2020.10.10"]
[EventType "swiss (rapid)"]
[EventRounds "6"]
[EventCountry "NET"]
[SourceTitle "EXT 2022"]
[Source "ChessBase"]
[SourceDate "2021.10.06"]
[SourceVersion "1"]
[SourceVersionDate "2021.10.06"]
[SourceQuality "1"]

1. e4 c5 2. Nf3 d6 3. Bc4 Nf6 4. Nc3 a6 5. a4 e6 6. d4 cxd4 7. Nxd4 Be7 8. Bg5 Nbd7 9. Qd2 h6 10. Be3 Qc7 11. Bb3 Nc5 12. f3 Nxb3 13. Nxb3 Bd7 14. a5 Rc8 15. Bb6 Qb8 16. Nd4 e5 17. Nb3 Be6 18. Rc1 0-0 19. g4 Rc6 20. h4 Bxb3 21. cxb3 Rfc8 22. g5 Nh5 23. gxh6 Nf4 24. hxg7 Kxg7 25. Be3 Nh5 26. Bg5 Qc7 27. Bxe7 Qxe7 28. Rg1+ Kh7 29. Qf2 Rg8 30. Rxg8 Kxg8 31. Kd2 Rc5 32. Rg1+ Kh7 33. Nd5 Qf8 34. Rg5 Qh6 35. Qe3 f6 36. Rxh5 Qxh5 37. Nxf6+ Kg7 38. Nxh5+ Kf7 39. Qg5 d5 40. Qf6+ Ke8 41. Qxe5+ Kd7 42. Nf6+ Kc6 43. Qe6+ Kb5 44. Qb6# 1-0

[Event "Durban CC-ch B"]
[Site "Durban"]
[Date "2019.03.28"]
[Round "3.5"]
[White "Soojay, Jorah"]
[Black "Khan, John M"]
[Result "1-0"]
[WhiteElo "1162"]
[BlackElo "1319"]
[PlyCount "99"]
[EventDate "2019.03.14"]
[EventType "tourn"]
[EventRounds "9"]
[EventCountry "RSA"]
[SourceTitle "EXT 2024"]
[Source "ChessBase"]
[SourceDate "2023.10.10"]
[SourceVersion "1"]
[SourceVersionDate "2023.10.10"]
[SourceQuality "1"]

1. e4 d6 2. d4 Nf6 3. Nc3 Nbd7 4. Nf3 h6 5. Bc4 c6 6. 0-0 Qc7 7. Be3 e5 8. dxe5 dxe5 9. a3 b5 10. Bb3 Bb7 11. Nd2 a5 12. f3 Be7 13. Kh1 g5 14. Qe1 Nc5 15. Ba2 Ba6 16. Ne2 Na4 17. Rb1 Bc5 18. Bxc5 Nxc5 19. Qf2 Nb7 20. c4 Rd8 21. Qe3 Nd6 22. c5 Nb7 23. b4 Rd7 24. Rbd1 a4 25. Nb1 Nd8 26. Nbc3 Bc8 27. Ng3 Re7 28. Rd6 Nh5 29. Nxh5 f5 30. Nd5 cxd5 31. Nf6+ Kf8 32. Nxd5 f4 33. Qc3 Qa7 34. Rxd8+ Kg7 35. Rxh8 Kxh8 36. Nxe7 Qxe7 37. Rd1 g4 38. fxg4 Bxg4 39. Rd6 h5 40. Qd3 Kg7 41. c6 Qh4 42. g3 fxg3 43. Qxg3 Qg5 44. Rd1 Qf6 45. c7 Kh6 46. h3 Bxd1 47. c8Q Qf1+ 48. Kh2 Qf6 49. Qe3+ Kg7 50. Qg8# 1-0